000 00837nas a2200301 a 4500
001 10182
003 BD-RjUL
005 20211208234916.0
008 170524s1961 nyuqr 0 1 a0eng c
030 _aPRKNAZ
032 _a009212
_bUSPS
035 _a(BD-RjUL)10230
040 _aMnMULS
_cMnMULS
_beng
041 _aeng
082 0 0 _a541.394
_bPRO 1961
_223
245 0 0 _aProgress in reaction kinetics /
_cedited by G. Porter
260 _aNew York :
_bPergamon Press,
_cc1961
300 _av. :
_bill. ;
_c23 cm.
504 _aIncludes index.
505 0 _aVol. 1 --
650 0 _aChemical kinetics
_vPeriodicals.
_931448
650 1 7 _aReactiekinetiek.
_2gtt
_931449
650 6 _aCinétique chimique
_vCollections.
_931450
700 _aPorter, G.
_931451
942 _2ddc
_cBK
999 _c10182
_d10182